• 首页
  • 本馆介绍
  • 公告通知
  • 最新文献
  • 馆藏检索
  • 电子资源
  • 读者导购
  • 参考咨询
  • 我的图书馆
  • 登录
  • 详细信息显示
  • 放入我的书架
  • 预约/预借图书
  • 作者相关作品
  • 分类相关作品
  • 丛书相关作品
  • 出版社相关作品

书目信息

  • 表格格式
  • 工作单格式
  • 卡片格式
题名:
海洋生物功能基因开发与利用
    
 
作者: 宋林生 , 石琼 主编
分册:  
出版信息: 北京   科学出版社  2016.08
页数: 351页
开本: 26cm
丛书名: 海洋生物资源开发利用高技术丛书
单 册:
中图分类: Q178.53
科图分类:
主题词: 海洋生物--基因--研究
电子资源:
ISBN: 978-7-03-049573-0
000 01272oam2 2200277 450
001 3879
005 20181008165949.25
010    @a978-7-03-049573-0@dCNY150.00
100    @a20161104d2016 em y0chiy50 ea
101 0  @achi
102    @aCN@b110000
105    @aa z 000yy
200 1  @a海洋生物功能基因开发与利用@9hai yang sheng wu gong neng ji yin kai fa yu li yong@f宋林生, 石琼主编
210    @a北京@c科学出版社@d2016.08
215    @a351页@c图@d26cm
225 2  @a海洋生物资源开发利用高技术丛书
312    @a封面英文题名:Development and utilization of marine biological functional genes
330    @a本书系统介绍了基因资源的特征,我国近年来在海洋生物功能基因发掘与利用技术方面取得的重要成就,包括海洋生物功能基因发掘与验证及开发利用技术;相继完成的牡蛎、半滑舌鳎、海带等20余种海洋生物的全基因组测序及病原微生物、极地和其他海洋来源微生物功能基因的发掘与利用研究;建设中的基因资源共享平台及数据库,预测了今后的发展趋势。
461  0 @12001 @a海洋生物资源开发利用高技术丛书
510 1  @aDevelopment and utilization of marine biological functional genes@zeng
606 0  @a海洋生物@x基因@x研究
690    @aQ178.53@v5
701  0 @a宋林生@9song lin sheng@4主编
701  0 @a石琼@9shi qiong@4主编
801  0 @aCN@b91MARC@c20161118
905    @aMuseLib@dQ178.53@e255
    
    海洋生物功能基因开发与利用/宋林生, 石琼主编.-北京:科学出版社,2016.08
    351页:图;26cm.-(海洋生物资源开发利用高技术丛书)
    
    
    ISBN 978-7-03-049573-0:CNY150.00
    本书系统介绍了基因资源的特征,我国近年来在海洋生物功能基因发掘与利用技术方面取得的重要成就,包括海洋生物功能基因发掘与验证及开发利用技术;相继完成的牡蛎、半滑舌鳎、海带等20余种海洋生物的全基因组测序及病原微生物、极地和其他海洋来源微生物功能基因的发掘与利用研究;建设中的基因资源共享平台及数据库,预测了今后的发展趋势。
●
相关链接 在E读中查询图书 在五车中查询图书 在当当中查询图书 在豆瓣中查询图书


正题名:海洋生物功能基因开发与利用     索取号:Q178.53/255         预约/预借

序号 登录号 条形码 馆藏地/架位号 状态 备注
1 1124007   211240076   第二样本阅览室/ [索取号:Q178.53/255] 在馆    
2 1124008   211240085   第三借阅区/ [索取号:Q178.53/255] 在馆    
唐山师范学院图书馆 欢迎您!
大连网信软件有限公司© 版权所有